01075nam a2200193 a 450000100100000000500170001000800410002702000180006804000250008610000350011124502160014626001150036230000190047770000350049695201050053195201110063695201170074799900170086400003998920201002033842.0130802s2010 mx 000 0 spa d a9786070218439 aDO-SdBNPbspacBNPHU1 aJohansson, Patrickautor96621513aEl Español y el Náhuatl :bencuentros, desencuentros y reencuentros : discurso de ingreso a la Academia Mexicana de la Lengua, 26 de agosto de 2010 /cPatrick Johansson ; respuesta de Miguel León-Portilla. aMéxico :bDirección General de Publicaciones y Fomento Editorial :bAcademia Mexicana de la Lengua,c2010. a69 p. ;c2010.1 aLeón-Portilla, Miguel942636 001050718MOaGRbGRcCTd2013-08-02iLF1l0o p39989-10r2020-06-25w2020-06-25y1ZNo se presta 001050718MOaGRbGRcCTd2013-08-02iLF1l0o p39989-20r2020-06-25te. 3w2020-06-25y1ZNo se presta 001052728MOaGRbGRcCTd2013-08-02iLF1l0o p39989-30r2020-06-25te. 2w2020-06-25y2ZPréstamo interno c39479d39479